Law and practice of social security (SOCSO) in Malaysia
| Main Author: | |
|---|---|
| Format: | Book |
| Published: |
Kuala Lumpur :
International Law Book ,
19--
|
| Subjects: |
MARC
| LEADER | 00000cam a2200000 7i4500 | ||
|---|---|---|---|
| 001 | 0000032449 | ||
| 002 | 000035024 | ||
| 005 | 20000331.0 | ||
| 020 | |a 9678901668 | ||
| 090 | 0 | 0 | |a 363.43009595 |b ROW |
| 100 | 1 | |a Row, Francis | |
| 245 | 1 | 0 | |a Law and practice of social security (SOCSO) in Malaysia |c Francis Row |
| 260 | |a Kuala Lumpur : |b International Law Book , |c 19-- | ||
| 300 | |a 211p. ; |c 21cm. | ||
| 650 | 0 | 0 | |a Social security |x Law and legislation |z Malaysia |
| 999 | |a 016295 |b BUKU |c MALAYSIANA |e PERPUSTAKAAN KOMUNITI PETALING JAYA | ||